000 00709nam a2200193 i 4500
001 42770
003 ES-MaACL
005 20230906160657.0
007 t|
008 030314s1890 sp ||||1| spa d
100 1 _aCerero, Rafael.
_937486
245 1 0 _aEstudio sobre la resistencia y estabilidad de los edificios sometidos a huracanes y terremotos /
_cRafael Cerero.
260 _aMadrid :
_b[s.n.],
_c1890 (
_fImp. y Lit. del Depósito de la Guerra)
300 _a86 p., 4 h. pleg. :
_bil. ;
_c32 cm.
650 4 _aEdificios-
_xEfectos de los terremotos.
_9153906
650 4 _aConstrucción antisísmica.
_9153907
710 1 _aEspaña.
_bDepósito de la Guerra.
_9167579
852 _aES-MaACL
_jT-1178-F-6
999 _c42770
_d42770